[Event "Tradewise Gibraltar AmatWk1"]
[Site "Gibraltar"]
[Date "2016.01.29"]
[Round "5.11"]
[White "Dennis, Nigel W"]
[Black "Guardia Bencomo, Tomas"]
[Result "1/2-1/2"]
[WhiteElo "1820"]
[BlackElo "1863"]
[PlyCount "53"]
[EventDate "2016.01.25"]
[EventType "swiss"]
[EventRounds "5"]
[EventCountry "GGB"]
[SourceTitle "BritBase"]
[Source "www.saund.co.uk"]
[SourceDate "2018.02.10"]
[SourceVersion "1"]
[SourceVersionDate "2018.02.10"]
[SourceQuality "1"]

1. e4 c6 2. d4 d5 3. exd5 cxd5 4. c4 Nf6 5. Nc3 Nc6 6. Nf3 e6 7. Bg5 Be7 8. Bd3
dxc4 9. Bxc4 O-O 10. O-O a6 11. a4 Qc7 12. Qe2 Rd8 13. Rfd1 Nd5 14. Bxe7 Ncxe7
15. Rac1 Qa5 16. Bd3 Nf4 17. Qe4 Nxd3 18. Rxd3 Qf5 19. b3 Qxe4 20. Nxe4 Nd5 21.
Nc3 Nb4 22. Rdd1 h6 23. Ne4 Bd7 24. Ne5 Bc6 25. Nxc6 Nxc6 26. Rc4 Rd5 27. Nc3
1/2-1/2

[Event "Tradewise Gibraltar AmatWk1"]
[Site "Gibraltar"]
[Date "2016.01.29"]
[Round "5.12"]
[White "Selva Salvador, Antonio"]
[Black "Flanagan, Samuel"]
[Result "1-0"]
[WhiteElo "1862"]
[BlackElo "1783"]
[PlyCount "101"]
[EventDate "2016.01.25"]
[EventType "swiss"]
[EventRounds "5"]
[EventCountry "GGB"]
[SourceTitle "BritBase"]
[Source "www.saund.co.uk"]
[SourceDate "2018.02.10"]
[SourceVersion "1"]
[SourceVersionDate "2018.02.10"]
[SourceQuality "1"]

1. c4 e5 2. Nc3 Bb4 3. Nd5 Be7 4. g3 Nf6 5. Nxe7 Qxe7 6. Bg2 O-O 7. Nf3 c6 8.
O-O d5 9. cxd5 cxd5 10. d4 e4 11. Ne5 Nbd7 12. f4 exf3 13. Rxf3 Nxe5 14. dxe5
Qxe5 15. Bf4 Qe6 16. Qd4 Qe4 17. Qd2 Be6 18. Bd6 Qc4 19. Bxf8 Rxf8 20. Rf4 Qc5+
21. Qd4 Qb5 22. e4 dxe4 23. Bxe4 Nxe4 24. Rxe4 a6 25. Re5 Qc6 26. Rc5 Qb6 27.
Rd5 Qc6 28. Rd6 Qc7 29. a3 h6 30. Rd1 Qc2 31. Rd8 Rxd8 32. Qxd8+ Kh7 33. Qd3+
Qxd3 34. Rxd3 Kg6 35. Kf2 Kf5 36. Rd4 h5 37. Ke3 Ke5 38. Rd8 Bd5 39. Kd3 Ke6
40. Kd4 Bc6 41. Kc5 Ke7 42. Rd4 g5 43. a4 Ke6 44. a5 f5 45. Rd6+ Ke5 46. Rg6 g4
47. Rh6 f4 48. Rxh5+ Ke4 49. gxf4 Kxf4 50. b4 Kf3 51. Kd4 1-0

[Event "Tradewise Gibraltar AmatWk1"]
[Site "Gibraltar"]
[Date "2016.01.29"]
[Round "5.13"]
[White "Guegan, Michel"]
[Black "Garcia-Blazquez Perez, Manuel"]
[Result "1/2-1/2"]
[WhiteElo "1786"]
[BlackElo "1858"]
[PlyCount "77"]
[EventDate "2016.01.25"]
[EventType "swiss"]
[EventRounds "5"]
[EventCountry "GGB"]
[SourceTitle "BritBase"]
[Source "www.saund.co.uk"]
[SourceDate "2018.02.10"]
[SourceVersion "1"]
[SourceVersionDate "2018.02.10"]
[SourceQuality "1"]

1. e4 c5 2. Nc3 Nc6 3. g3 g6 4. Bg2 Bg7 5. d3 d6 6. f4 Nf6 7. Nf3 O-O 8. h3 Ne8
9. O-O Nc7 10. Qe1 Ne6 11. Be3 Nb4 12. Qf2 Nd4 13. Rac1 f5 14. Nxd4 cxd4 15.
Bxd4 e5 16. Be3 fxe4 17. dxe4 exf4 18. gxf4 Bxc3 19. bxc3 Nxa2 20. Ra1 Nxc3 21.
Rxa7 Rxa7 22. Bxa7 Rxf4 23. Qe3 Rxf1+ 24. Bxf1 Qa5 25. Bd4 Nb5 26. Qb3+ Kf8 27.
Bxb5 Qe1+ 28. Kg2 Qxe4+ 29. Qf3+ Qxf3+ 30. Kxf3 Bxh3 31. Bc4 Ke7 32. Bd5 b5 33.
Bg7 h5 34. Kf4 Bd7 35. Kg5 Be8 36. Bf6+ Kd7 37. c3 Kc7 38. Kh6 Bc6 39. Bxc6
1/2-1/2

[Event "Tradewise Gibraltar AmatWk1"]
[Site "Gibraltar"]
[Date "2016.01.29"]
[Round "5.14"]
[White "Kearsley, Raymond J"]
[Black "D'haluin, Wim"]
[Result "0-1"]
[WhiteElo "1709"]
[BlackElo "1846"]
[PlyCount "42"]
[EventDate "2016.01.25"]
[EventType "swiss"]
[EventRounds "5"]
[EventCountry "GGB"]
[SourceTitle "BritBase"]
[Source "www.saund.co.uk"]
[SourceDate "2018.02.10"]
[SourceVersion "1"]
[SourceVersionDate "2018.02.10"]
[SourceQuality "1"]

1. e4 c5 2. Nf3 Nc6 3. Bb5 g6 4. Bxc6 dxc6 5. O-O Bg7 6. d3 b6 7. Qe2 Nf6 8.
Nc3 O-O 9. h3 Ba6 10. Bf4 Qd7 11. Rad1 Rad8 12. Qe3 Rfe8 13. Rfe1 Qc8 14. Bh6
Qc7 15. Qg5 Bc8 16. Nh4 Nh5 17. Bxg7 Nxg7 18. Qh6 Qe5 19. g4 Ne6 20. Nf3 Qf6
21. e5 Qxf3 0-1

[Event "Tradewise Gibraltar AmatWk1"]
[Site "Gibraltar"]
[Date "2016.01.29"]
[Round "5.16"]
[White "Crouch, Timothy J"]
[Black "Chidi, Lovinia Sylvia"]
[Result "0-1"]
[WhiteElo "1541"]
[BlackElo "1780"]
[PlyCount "90"]
[EventDate "2016.01.25"]
[EventType "swiss"]
[EventRounds "5"]
[EventCountry "GGB"]
[SourceTitle "BritBase"]
[Source "www.saund.co.uk"]
[SourceDate "2018.02.10"]
[SourceVersion "1"]
[SourceVersionDate "2018.02.10"]
[SourceQuality "1"]

1. e4 c6 2. d4 d5 3. e5 e6 4. Nf3 c5 5. Bb5+ Bd7 6. Bxd7+ Nxd7 7. c3 cxd4 8.
cxd4 Bb4+ 9. Bd2 Bxd2+ 10. Nbxd2 Ne7 11. O-O O-O 12. Rc1 Qb6 13. Nb3 Rfc8 14.
Qd2 Nc6 15. Nc5 Nxc5 16. Rxc5 h6 17. Rfc1 Ne7 18. h3 Rxc5 19. Rxc5 Nc6 20. Qc3
Kh7 21. a3 a5 22. Kh2 a4 23. Qc2+ g6 24. h4 Kg7 25. Qc1 Qd8 26. Kh3 Qe7 27. Qc3
Qd8 28. g4 Ra5 29. Kg3 Qb6 30. Rxa5 Qxa5 31. Qc2 Qb5 32. Kg2 Qc4 33. Qd2 b5 34.
g5 h5 35. Kg1 Ne7 36. Kg2 Nf5 37. Kg1 Qa2 38. Qc1 Qb3 39. Kg2 Qd3 40. Qc3 Qe4
41. Kf1 Nxh4 42. Nxh4 Qxh4 43. Qd2 Qg4 44. Qe3 h4 45. f3 Qg3 0-1

[Event "Tradewise Gibraltar AmatWk1"]
[Site "Gibraltar"]
[Date "2016.01.29"]
[Round "5.17"]
[White "Oliva Parra, Ernesto"]
[Black "Kirkwood, Robin"]
[Result "1-0"]
[WhiteElo "1602"]
[BlackElo "1653"]
[PlyCount "49"]
[EventDate "2016.01.25"]
[EventType "swiss"]
[EventRounds "5"]
[EventCountry "GGB"]
[SourceTitle "BritBase"]
[Source "www.saund.co.uk"]
[SourceDate "2018.02.10"]
[SourceVersion "1"]
[SourceVersionDate "2018.02.10"]
[SourceQuality "1"]

1. e4 c6 2. d4 d5 3. e5 c5 4. c3 Nc6 5. Nf3 Bg4 6. Be2 e6 7. h3 Bh5 8. Nbd2 Qb6
9. Nb3 cxd4 10. cxd4 Bxf3 11. Bxf3 Bb4+ 12. Kf1 O-O-O 13. Kg1 f6 14. Bg4 f5 15.
Bf3 Be7 16. Kh2 g5 17. Rb1 h5 18. Bxh5 Nxd4 19. Be3 g4 20. Bxd4 Qb5 21. Bxg4
fxg4 22. Qxg4 Kd7 23. Qg7 Nh6 24. Nc5+ Ke8 25. Qxh8+ 1-0

[Event "Tradewise Gibraltar AmatWk2"]
[Site "Gibraltar"]
[Date "2016.01.30"]
[Round "1.1"]
[White "Cernuda Orejas, Victor Manuel"]
[Black "Kearsley, Raymond J"]
[Result "1-0"]
[WhiteElo "1899"]
[BlackElo "1709"]
[PlyCount "49"]
[EventDate "2016.01.30"]
[EventType "swiss"]
[EventRounds "5"]
[EventCountry "GGB"]
[SourceTitle "BritBase"]
[Source "www.saund.co.uk"]
[SourceDate "2018.02.10"]
[SourceVersion "1"]
[SourceVersionDate "2018.02.10"]
[SourceQuality "1"]

1. d4 d5 2. c4 e5 3. dxe5 d4 4. Nf3 Nc6 5. Nbd2 Nge7 6. Nb3 Ng6 7. Bg5 Qd7 8.
Nbxd4 Ncxe5 9. Qb3 Nxf3+ 10. Nxf3 Bc5 11. Rd1 Bd6 12. c5 h6 13. Be3 Qc6 14.
cxd6 cxd6 15. Qc3 Qa4 16. b3 Qe4 17. Qd3 Qb4+ 18. Bd2 Qa3 19. Bc3 O-O 20. Qd4
f6 21. e3 Bf5 22. Bc4+ Kh8 23. O-O Ne5 24. Bd5 Bg4 25. Nxe5 1-0

[Event "Tradewise Gibraltar AmatWk2"]
[Site "Gibraltar"]
[Date "2016.01.30"]
[Round "1.2"]
[White "Ocana, Jeremy"]
[Black "Boabaid, Jorge Alberto Duard"]
[Result "0-1"]
[WhiteElo "1706"]
[BlackElo "1895"]
[PlyCount "28"]
[EventDate "2016.01.30"]
[EventType "swiss"]
[EventRounds "5"]
[EventCountry "GGB"]
[SourceTitle "BritBase"]
[Source "www.saund.co.uk"]
[SourceDate "2018.02.10"]
[SourceVersion "1"]
[SourceVersionDate "2018.02.10"]
[SourceQuality "1"]

1. d4 Nf6 2. Bf4 e6 3. e3 d5 4. Bd3 c5 5. dxc5 Bxc5 6. Nf3 Nc6 7. O-O O-O 8. c3
h6 9. a4 Bd6 10. Na3 e5 11. Bg3 e4 12. Bxd6 Qxd6 13. Bxe4 Nxe4 14. Nb5 Qd8 0-1

[Event "Tradewise Gibraltar AmatWk2"]
[Site "Gibraltar"]
[Date "2016.01.30"]
[Round "1.3"]
[White "Bajer, Renato"]
[Black "White, Gary"]
[Result "1-0"]
[WhiteElo "1890"]
[BlackElo "1690"]
[PlyCount "81"]
[EventDate "2016.01.30"]
[EventType "swiss"]
[EventRounds "5"]
[EventCountry "GGB"]
[SourceTitle "BritBase"]
[Source "www.saund.co.uk"]
[SourceDate "2018.02.10"]
[SourceVersion "1"]
[SourceVersionDate "2018.02.10"]
[SourceQuality "1"]

1. e4 e6 2. d4 d5 3. Nc3 Bb4 4. e5 Nc6 5. Qg4 g6 6. Nf3 Be7 7. a3 a6 8. Bd3 Bf8
9. h4 h5 10. Qg3 Nce7 11. Bg5 Bh6 12. Qf4 Qd7 13. O-O-O c6 14. Bxh6 Nxh6 15.
Qf6 Rf8 16. Ng5 Nef5 17. Nh7 Ng4 18. Qg5 Rh8 19. Bxf5 Rxh7 20. Bxg4 hxg4 21.
Qxg4 Rh5 22. Qe2 Qe7 23. g3 b5 24. Qe3 Bb7 25. Nb1 Rc8 26. Nd2 c5 27. Nb3 cxd4
28. Nxd4 Qc7 29. f4 a5 30. Rh2 Ba6 31. g4 Rh8 32. Rdh1 b4 33. axb4 axb4 34. h5
gxh5 35. Rxh5 Rxh5 36. Rxh5 Ke7 37. f5 exf5 38. Qg5+ Kd7 39. Qxf5+ Ke7 40. Qf6+
Kd7 41. Qxf7+ 1-0

[Event "Tradewise Gibraltar AmatWk2"]
[Site "Gibraltar"]
[Date "2016.01.30"]
[Round "1.4"]
[White "Lopez Valcarcel, Juan"]
[Black "Wilson, Matthew R"]
[Result "0-1"]
[WhiteElo "1798"]
[BlackElo "1873"]
[PlyCount "76"]
[EventDate "2016.01.30"]
[EventType "swiss"]
[EventRounds "5"]
[EventCountry "GGB"]
[SourceTitle "BritBase"]
[Source "www.saund.co.uk"]
[SourceDate "2018.02.10"]
[SourceVersion "1"]
[SourceVersionDate "2018.02.10"]
[SourceQuality "1"]

1. d4 Nf6 2. Bg5 Ne4 3. Bh4 g5 4. f3 gxh4 5. fxe4 Bg7 6. Nf3 c5 7. e3 Qb6 8. b3
Qh6 9. Qd2 Nc6 10. c3 b6 11. Bc4 Bb7 12. Qf2 cxd4 13. Nxh4 Qxe3+ 14. Qxe3 dxe3
15. Nf5 O-O 16. Nxe3 e6 17. Bd3 Ne5 18. Bc2 Rac8 19. O-O Rc7 20. a3 b5 21. Ra2
a6 22. a4 h5 23. axb5 axb5 24. Ra5 Bc6 25. h3 Ra8 26. Rxa8+ Bxa8 27. Rd1 Ra7
28. Nd2 Kf8 29. c4 bxc4 30. Ndxc4 Nxc4 31. Nxc4 Bc6 32. Bb1 Ke7 33. Kf2 Ra1 34.
Ke2 Bb5 35. Bc2 Ra2 36. Kd2 Bf6 37. Nb6 Bc6 38. Na4 Bxe4 0-1

[Event "Tradewise Gibraltar AmatWk2"]
[Site "Gibraltar"]
[Date "2016.01.30"]
[Round "1.5"]
[White "Sevillano Garcia, Joaquin"]
[Black "Lapsevskis, Roberts"]
[Result "1-0"]
[WhiteElo "1867"]
[BlackElo "1660"]
[PlyCount "65"]
[EventDate "2016.01.30"]
[EventType "swiss"]
[EventRounds "5"]
[EventCountry "GGB"]
[SourceTitle "BritBase"]
[Source "www.saund.co.uk"]
[SourceDate "2018.02.10"]
[SourceVersion "1"]
[SourceVersionDate "2018.02.10"]
[SourceQuality "1"]

1. Nf3 Nc6 2. d4 d5 3. g3 Bg4 4. Bg2 e6 5. O-O Nf6 6. Bf4 Bd6 7. Ne5 h6 8. Nxg4
Bxf4 9. Nxf6+ Qxf6 10. gxf4 Nxd4 11. Nc3 g5 12. f5 Nxf5 13. Qd3 c6 14. e4 Nh4
15. exd5 Rd8 16. Rad1 O-O 17. Rfe1 exd5 18. Qg3 Qg6 19. Rd3 f5 20. f4 b5 21.
Nd1 Rf6 22. Nf2 Qg7 23. Kh1 Rg6 24. c3 Nxg2 25. Qxg2 g4 26. Rde3 Kf8 27. Qg3
Qc7 28. Nd3 Qd6 29. Re5 Rf6 30. Qe3 Rd7 31. Nc5 Rg7 32. Ne6+ Kf7 33. Qxa7+ 1-0

[Event "Tradewise Gibraltar AmatWk2"]
[Site "Gibraltar"]
[Date "2016.01.30"]
[Round "1.6"]
[White "Joachim, Rodny"]
[Black "Guardia Bencomo, Tomas"]
[Result "1-0"]
[WhiteElo "1659"]
[BlackElo "1863"]
[PlyCount "43"]
[EventDate "2016.01.30"]
[EventType "swiss"]
[EventRounds "5"]
[EventCountry "GGB"]
[SourceTitle "BritBase"]
[Source "www.saund.co.uk"]
[SourceDate "2018.02.10"]
[SourceVersion "1"]
[SourceVersionDate "2018.02.10"]
[SourceQuality "1"]

1. e4 c6 2. d4 d5 3. exd5 cxd5 4. c4 Nf6 5. Nc3 Nc6 6. Nf3 e6 7. cxd5 Nxd5 8.
Bd3 Bb4 9. Bd2 Qa5 10. a3 Bxc3 11. bxc3 Qc7 12. O-O h6 13. c4 Nde7 14. d5 Ne5
15. Nxe5 Qxe5 16. Re1 Qf6 17. Bb4 b6 18. Bd6 O-O 19. Be5 Qh4 20. Re4 Qg5 21. h4
Qf5 22. Re3 1-0

[Event "Tradewise Gibraltar AmatWk2"]
[Site "Gibraltar"]
[Date "2016.01.30"]
[Round "1.7"]
[White "Selva Salvador, Antonio"]
[Black "Izzard, Brian J"]
[Result "1-0"]
[WhiteElo "1862"]
[BlackElo "1656"]
[PlyCount "69"]
[EventDate "2016.01.30"]
[EventType "swiss"]
[EventRounds "5"]
[EventCountry "GGB"]
[SourceTitle "BritBase"]
[Source "www.saund.co.uk"]
[SourceDate "2018.02.10"]
[SourceVersion "1"]
[SourceVersionDate "2018.02.10"]
[SourceQuality "1"]

1. d4 Nf6 2. Bg5 e6 3. Nd2 d5 4. e3 Be7 5. g3 Nbd7 6. Bg2 b6 7. c4 Bb7 8. Ne2
O-O 9. O-O Nh5 10. Bxe7 Qxe7 11. Rc1 c5 12. Re1 Nhf6 13. Nf4 Rfd8 14. Qc2 Rac8
15. Qb1 Nb8 16. dxc5 bxc5 17. e4 d4 18. e5 Ne8 19. Ne4 a5 20. h4 h6 21. Qd3 Na6
22. a3 Ba8 23. Qf3 Rb8 24. Rc2 a4 25. Rd2 Rb3 26. Qg4 Rdb8 27. Ree2 Kh8 28. Nh5
Qf8 29. Qf4 R3b6 30. g4 Rb3 31. g5 g6 32. Nhf6 Nxf6 33. Nxf6 Qe7 34. Bxa8 Rxa8
35. gxh6 1-0

[Event "Tradewise Gibraltar AmatWk2"]
[Site "Gibraltar"]
[Date "2016.01.30"]
[Round "1.10"]
[White "Zitan, Abdelhay"]
[Black "Gonzalez Pabollet, Jesus Maria"]
[Result "0-1"]
[WhiteElo "1635"]
[BlackElo "1854"]
[PlyCount "64"]
[EventDate "2016.01.30"]
[EventType "swiss"]
[EventRounds "5"]
[EventCountry "GGB"]
[SourceTitle "BritBase"]
[Source "www.saund.co.uk"]
[SourceDate "2018.02.10"]
[SourceVersion "1"]
[SourceVersionDate "2018.02.10"]
[SourceQuality "1"]

1. e4 c5 2. Nf3 e6 3. d4 cxd4 4. Nxd4 Nf6 5. Nc3 Nc6 6. Be3 Bb4 7. Nxc6 bxc6 8.
Bd3 Qa5 9. Bd2 Qc7 10. O-O Rb8 11. a3 Bd6 12. f4 e5 13. Rb1 exf4 14. Qf3 g5 15.
Qh3 Be5 16. Qh6 Rf8 17. Qh3 d6 18. Qf3 Bd4+ 19. Be3 Bxe3+ 20. Qxe3 fxe3 21.
Rxf6 Be6 22. b3 Qa5 23. Ne2 Qxa3 24. Nd4 Qc5 25. Ne2 Bg4 26. Rff1 Bxe2 27. Bxe2
Qxc2 28. Bc4 Rb6 29. Rfc1 Qf2+ 30. Kh1 e2 31. h3 Rb4 32. Re1 Rxc4 0-1

[Event "Tradewise Gibraltar AmatWk2"]
[Site "Gibraltar"]
[Date "2016.01.30"]
[Round "1.11"]
[White "Lopez Diaz, Rafael"]
[Black "Hunt, Caro"]
[Result "1-0"]
[WhiteElo "1854"]
[BlackElo "1634"]
[PlyCount "72"]
[EventDate "2016.01.30"]
[EventType "swiss"]
[EventRounds "5"]
[EventCountry "GGB"]
[SourceTitle "BritBase"]
[Source "www.saund.co.uk"]
[SourceDate "2018.02.10"]
[SourceVersion "1"]
[SourceVersionDate "2018.02.10"]
[SourceQuality "1"]

1. c4 e5 2. Nc3 f5 3. g3 Nf6 4. Bg2 Be7 5. d3 O-O 6. Nf3 d6 7. O-O Bd7 8. Qb3
Bc6 9. Nd5 Nbd7 10. Nxe7+ Qxe7 11. Qc2 Rad8 12. b4 b6 13. Nh4 Bxg2 14. Nxg2 Qe6
15. f3 c5 16. b5 Rf7 17. Bd2 Rdf8 18. Rae1 Ne8 19. a4 Nc7 20. a5 Qe8 21. axb6
axb6 22. e3 Ne6 23. f4 h6 24. Bc3 g5 25. Qb2 Ng7 26. e4 Re7 27. exf5 Nxf5 28.
fxe5 dxe5 29. g4 Nd4 30. Bxd4 Rxf1+ 31. Kxf1 exd4 32. Rxe7 Qxe7 33. Qe2 Qxe2+
34. Kxe2 Kf7 35. h3 Ke6 36. Kf3 Ke5 1-0

[Event "Tradewise Gibraltar AmatWk2"]
[Site "Gibraltar"]
[Date "2016.01.30"]
[Round "1.12"]
[White "Naldrett, Geoffrey William"]
[Black "Haisma, Henk"]
[Result "0-1"]
[WhiteElo "1602"]
[BlackElo "1850"]
[PlyCount "86"]
[EventDate "2016.01.30"]
[EventType "swiss"]
[EventRounds "5"]
[EventCountry "GGB"]
[SourceTitle "BritBase"]
[Source "www.saund.co.uk"]
[SourceDate "2018.02.10"]
[SourceVersion "1"]
[SourceVersionDate "2018.02.10"]
[SourceQuality "1"]

1. c4 c6 2. Nc3 Nf6 3. g3 d5 4. cxd5 cxd5 5. Bg2 e6 6. d4 Nbd7 7. Nf3 Bd6 8.
O-O O-O 9. a3 a6 10. b4 b5 11. e3 Bb7 12. Bb2 Nb6 13. Qb3 Nc4 14. Rfd1 Qe7 15.
Rac1 Rac8 16. Rc2 Rc7 17. Rdc1 Rfc8 18. Nd2 h5 19. Qa2 Ng4 20. Re1 h4 21. Nxc4
Rxc4 22. Bf1 hxg3 23. hxg3 R4c7 24. Qb1 Qg5 25. Ree2 Qg6 26. Qd1 Qh6 27. Bg2 f5
28. Qe1 g5 29. f4 Nf6 30. Bf3 g4 31. Bg2 Kh7 32. Kf2 Re7 33. Qh1 Kg6 34. Qh4
Rh7 35. Qg5+ Qxg5 36. fxg5 Nh5 37. Re1 Bxg3+ 38. Ke2 Bxe1 39. Kxe1 Rhc7 40. Kd2
Kg7 41. Rc1 Kg6 42. Ne2 Rxc1 43. Bxc1 Kxg5 0-1

[Event "Tradewise Gibraltar AmatWk2"]
[Site "Gibraltar"]
[Date "2016.01.30"]
[Round "1.13"]
[White "D'haluin, Wim"]
[Black "Oliva Parra, Ernesto"]
[Result "1-0"]
[WhiteElo "1846"]
[BlackElo "1602"]
[PlyCount "136"]
[EventDate "2016.01.30"]
[EventType "swiss"]
[EventRounds "5"]
[EventCountry "GGB"]
[SourceTitle "BritBase"]
[Source "www.saund.co.uk"]
[SourceDate "2018.02.10"]
[SourceVersion "1"]
[SourceVersionDate "2018.02.10"]
[SourceQuality "1"]

1. d4 d5 2. Nf3 Bf5 3. Bf4 Nf6 4. h3 h6 5. e3 a6 6. c4 e6 7. Nc3 Be7 8. Be2 O-O
9. Qb3 b6 10. Rc1 Nc6 11. cxd5 Na5 12. Qa4 exd5 13. O-O c6 14. b4 Nc4 15. Bxc4
b5 16. Bxb5 axb5 17. Qb3 Bd3 18. Rfd1 Bf5 19. Ne5 Rc8 20. Nb1 Qb6 21. Nd2 Nd7
22. Qc3 Nxe5 23. Bxe5 Rfd8 24. Nb3 Bd7 25. Na5 Be8 26. Rc2 Bd6 27. Rdc1 f6 28.
Bxd6 Rxd6 29. Qc5 Qb8 30. Qc3 Re6 31. Qd3 Qd6 32. Rc5 Qb8 33. a3 Qd6 34. Rxb5
cxb5 35. Rxc8 Qd7 36. Rc5 Kh8 37. Qf5 Rd6 38. Qxd7 Bxd7 39. Kf1 Bf5 40. Ke2 Bd7
41. Kd2 Kg8 42. Kc3 Kf8 43. Rc7 Ke7 44. Nb7 Rc6+ 45. Rxc6 Bxc6 46. Nc5 Kd6 47.
Kb3 Be8 48. a4 bxa4+ 49. Nxa4 Bb5 50. h4 Kc6 51. Nc3 Bc4+ 52. Ka4 Kb6 53. Ka3
Kc6 54. Kb2 h5 55. Kc2 f5 56. Nb1 Kb5 57. Kc3 Kc6 58. Nd2 Be2 59. Nf3 Bxf3 60.
gxf3 Kb6 61. Kd3 Kb5 62. e4 Kxb4 63. exd5 Kb5 64. Ke3 Kb6 65. Kf4 Kc7 66. Kxf5
Kd6 67. Ke4 g6 68. f4 Ke7 1-0

[Event "Tradewise Gibraltar AmatWk2"]
[Site "Gibraltar"]
[Date "2016.01.30"]
[Round "1.15"]
[White "Odiase, Oluwaseun"]
[Black "Vander Voort, Patrick"]
[Result "1-0"]
[WhiteElo "1834"]
[BlackElo "1576"]
[PlyCount "59"]
[EventDate "2016.01.30"]
[EventType "swiss"]
[EventRounds "5"]
[EventCountry "GGB"]
[SourceTitle "BritBase"]
[Source "www.saund.co.uk"]
[SourceDate "2018.02.10"]
[SourceVersion "1"]
[SourceVersionDate "2018.02.10"]
[SourceQuality "1"]

1. g3 d5 2. Bg2 e5 3. d3 c6 4. Nf3 Bd6 5. O-O Nf6 6. Re1 O-O 7. e4 Re8 8. Nc3
d4 9. Ne2 h6 10. h3 Bb4 11. Rf1 Qc7 12. Nh4 Bf8 13. f4 c5 14. f5 b5 15. g4 Nh7
16. Nf3 f6 17. h4 c4 18. Rf2 Nd7 19. Bf1 Nb6 20. Rg2 cxd3 21. cxd3 Na4 22. g5
hxg5 23. hxg5 fxg5 24. Nxg5 Nxg5 25. Bxg5 Nxb2 26. Qb3+ Nc4 27. Rc1 Ba3 28. Rc2
Qd6 29. dxc4 d3 30. c5+ 1-0

[Event "Tradewise Gibraltar AmatWk2"]
[Site "Gibraltar"]
[Date "2016.01.30"]
[Round "1.16"]
[White "Manchado Garrido, Marcos Anton"]
[Black "Winter, Kevin"]
[Result "0-1"]
[WhiteElo "1570"]
[BlackElo "1825"]
[PlyCount "81"]
[EventDate "2016.01.30"]
[EventType "swiss"]
[EventRounds "5"]
[EventCountry "GGB"]
[SourceTitle "BritBase"]
[Source "www.saund.co.uk"]
[SourceDate "2018.02.10"]
[SourceVersion "1"]
[SourceVersionDate "2018.02.10"]
[SourceQuality "1"]

1. c4 e5 2. a3 a5 3. Nc3 Nc6 4. d3 f5 5. e3 Nf6 6. g3 Bc5 7. Bg2 O-O 8. Nge2 d6
9. O-O Qe8 10. Qc2 Qh5 11. f4 Ng4 12. h3 Nxe3 13. Bxe3 Bxe3+ 14. Kh2 Bd7 15.
Nd5 Bb6 16. Nxb6 cxb6 17. Bf3 Qe8 18. Rae1 Qd8 19. Rd1 Rc8 20. Bd5+ Kh8 21. d4
e4 22. Nc3 Qf6 23. Ne2 b5 24. c5 Rc7 25. Qb3 a4 26. Qc2 Rfc8 27. Ba2 b4 28.
Qxa4 Nxd4 29. Qxb4 Nxe2 30. Rfe1 dxc5 31. Qc4 Nd4 32. Qd5 Be6 33. Qe5 Nf3+ 34.
Kg2 Nxe1+ 35. Rxe1 Qxe5 36. fxe5 Bxa2 37. Rd1 Kg8 38. Rd6 Kf7 39. a4 Ke7 40.
Rd2 Ke6 41. Rd1 0-1

[Event "Tradewise Gibraltar AmatWk2"]
[Site "Gibraltar"]
[Date "2016.01.30"]
[Round "1.17"]
[White "Christophe-Hayot, Romain"]
[Black "Busch, Guenther"]
[Result "1-0"]
[WhiteElo "1824"]
[BlackElo "1561"]
[PlyCount "91"]
[EventDate "2016.01.30"]
[EventType "swiss"]
[EventRounds "5"]
[EventCountry "GGB"]
[SourceTitle "BritBase"]
[Source "www.saund.co.uk"]
[SourceDate "2018.02.10"]
[SourceVersion "1"]
[SourceVersionDate "2018.02.10"]
[SourceQuality "1"]

1. e4 d6 2. d4 g6 3. f4 Bg7 4. Nf3 a6 5. Bd3 e6 6. O-O Ne7 7. Nc3 Nd7 8. e5 d5
9. Ne2 b5 10. Be3 O-O 11. g4 f5 12. Ng5 Nb6 13. h3 h6 14. Nf3 Kh7 15. c3 Ng8
16. Ng3 Bd7 17. Rf2 Qe7 18. Kg2 Nc4 19. Bc1 b4 20. gxf5 gxf5 21. Nh5 Bh8 22. b3
Nb6 23. cxb4 Be8 24. Ng3 Qxb4 25. Bd2 Qe7 26. Rc1 Bg6 27. h4 Ra7 28. h5 Be8 29.
Qc2 Bd7 30. Nh2 Bg7 31. Ng4 Qd8 32. Ne3 Ne7 33. Bb4 Kg8 34. Bxe7 Qxe7 35. Bxf5
Qf7 36. Bg4 Qxf4 37. Qd2 Qg5 38. Ne2 Qd8 39. Qb4 a5 40. Qc5 c6 41. a4 Nc8 42.
Rcf1 Re8 43. Nf4 Kh7 44. Qc2+ Kh8 45. Ng6+ Kh7 46. Nf8+ 1-0

[Event "Tradewise Gibraltar AmatWk2"]
[Site "Gibraltar"]
[Date "2016.01.30"]
[Round "1.18"]
[White "Yarur Elsaca, Daniel"]
[Black "Murray, J Stephen"]
[Result "1-0"]
[WhiteElo "1559"]
[BlackElo "1821"]
[PlyCount "67"]
[EventDate "2016.01.30"]
[EventType "swiss"]
[EventRounds "5"]
[EventCountry "GGB"]
[SourceTitle "BritBase"]
[Source "www.saund.co.uk"]
[SourceDate "2018.02.10"]
[SourceVersion "1"]
[SourceVersionDate "2018.02.10"]
[SourceQuality "1"]

1. e4 c5 2. Nc3 d6 3. f4 Nc6 4. Nf3 g6 5. Bc4 Bg7 6. O-O e6 7. Qe1 Nge7 8. d3
Nd4 9. Nxd4 Bxd4+ 10. Kh1 O-O 11. f5 d5 12. exd5 Nxd5 13. Bh6 Bg7 14. Bxg7 Kxg7
15. Bxd5 exd5 16. f6+ Kh8 17. Qh4 Be6 18. Qh6 Rg8 19. Rae1 Qf8 20. Qh4 Rd8 21.
Ne2 Qd6 22. Ng1 Rde8 23. Nf3 h5 24. Ng5 Qf8 25. Qf4 Rc8 26. Nxe6 fxe6 27. Rxe6
g5 28. Qe5 Rg6 29. f7+ Kh7 30. Rxg6 Kxg6 31. Qf6+ Kh7 32. Qxg5 Rc6 33. Qxh5+
Kg7 34. Qxd5 1-0

[Event "Tradewise Gibraltar AmatWk2"]
[Site "Gibraltar"]
[Date "2016.01.30"]
[Round "1.19"]
[White "Dennis, Nigel W"]
[Black "Crouch, Timothy J"]
[Result "1-0"]
[WhiteElo "1820"]
[BlackElo "1541"]
[PlyCount "55"]
[EventDate "2016.01.30"]
[EventType "swiss"]
[EventRounds "5"]
[EventCountry "GGB"]
[SourceTitle "BritBase"]
[Source "www.saund.co.uk"]
[SourceDate "2018.02.10"]
[SourceVersion "1"]
[SourceVersionDate "2018.02.10"]
[SourceQuality "1"]

1. e4 c5 2. Nf3 d6 3. d4 cxd4 4. Nxd4 Nf6 5. Nc3 a6 6. Be2 Nc6 7. O-O g6 8. Be3
Bg7 9. Nb3 b5 10. a3 O-O 11. f4 Bh6 12. Qd2 Bg4 13. h3 Bxe2 14. Qxe2 Nh5 15.
Qf3 e5 16. f5 Bf4 17. Bxf4 exf4 18. Nd5 Ne5 19. Qd1 Qg5 20. Nd4 Rae8 21. Nf3
Nxf3+ 22. Qxf3 gxf5 23. Qxh5 Qd8 24. Qxf5 Re6 25. Rxf4 Kh8 26. Nf6 Qb6+ 27. Kh2
Re5 28. Qxh7# 1-0